[Event "Oberliga Nord W 0001"]
[Site "?"]
[Date "2000.10.15"]
[Round "1.5"]
[White "Janusch Gerd"]
[Black "Karges Dieter"]
[Result "1/2-1/2"]
[WhiteElo "2173"]
[BlackElo "2183"]
[PlyCount "33"]
[EventDate "2000.??.??"]
[Source "www.chesslib.no"]
[SourceDate "2004.05.04"]

1. c4 c6 2. Nf3 d5 3. b3 Nf6 4. Bb2 g6 5. e3 Bg7 6. Be2 O-O 7. O-O Re8 8. d4 Bg4 9. Nc3 a6 10. Rc1 Nbd7 11. h3 Bxf3 12. Bxf3 e6 13. e4 dxe4 14. Nxe4 Nxe4 15. Bxe4 Nf8 16. Rc2 Qc7 17. Qc1 1/2-1/2

[Event "Hessenliga 0102"]
[Site "?"]
[Date "2001.10.21"]
[Round "2.2"]
[White "Schmidt Arndt"]
[Black "Kuech Holger"]
[Result "0-1"]
[WhiteElo "2137"]
[BlackElo "2211"]
[PlyCount "108"]
[EventDate "2001.??.??"]
[Source "www.chesslib.no"]
[SourceDate "2004.05.04"]

1. c4 c6 2. Nf3 d5 3. b3 Nf6 4. Bb2 Bf5 5. g3 e6 6. Bg2 Nbd7 7. O-O Be7 8. d3 h6 9. Nbd2 O-O 10. Rc1 a5 11. a3 Re8 12. Rc2 Qb6 13. Qa1 Bh7 14. Ne5 Nxe5 15. Bxe5 Rad8 16. Rfc1 Bc5 17. Bxf6 gxf6 18. Qxf6 Bxa3 19. Ra1 Bf8 20. Qh4 Bg7 21. Ra4 Qc7 22. cxd5 exd5 23. Bf3 b5 24. Raa2 c5 25. Rc1 Qb6 26. Nf1 Bd4 27. e3 Bg7 28. e4 dxe4 29. Bxe4 f5 30. Bg2 Rxd3 31. Ne3 Red8 32. Qe7 R3d6 33. Qh4 Bf6 34. Qf4 Bg5 35. Qe5 Bxe3 36. fxe3 c4 37. bxc4 bxc4 38. Bf1 Kf8 39. Rf2 Rd5 40. Qh8+ Bg8 41. Rxc4 Qxe3 42. Qf6+ Bf7 43. Rcf4 R8d6 44. Qh8+ Ke7 45. Kg2 Rd2 46. Rxf5 Rxf2+ 47. Rxf2 Bd5+ 48. Kg1 Kd7 49. Bh3+ Kc6 50. Qc8+ Kb5 51. Qb8+ Rb6 52. Bf1+ Ka4 53. Qc7 Rf6 54. Qd7+ Ka3 0-1

[Event "Lebanon, NH"]
[Site "?"]
[Date "2001.03.17"]
[Round "4"]
[White "Terrie Hal"]
[Black "Bournival Braden"]
[Result "1/2-1/2"]
[WhiteElo "2200"]
[BlackElo "2124"]
[PlyCount "101"]
[EventDate "2001.??.??"]
[Source "www.chesslib.no"]
[SourceDate "2004.05.04"]

1. c4 c6 2. Nf3 d5 3. b3 Nf6 4. Bb2 Bf5 5. g3 e6 6. Bg2 Nbd7 7. O-O Bd6 8. d3 Qe7 9. a3 O-O 10. Nc3 a5 11. Re1 Bg6 12. e4 dxe4 13. dxe4 Bh5 14. Qc2 Bxf3 15. Bxf3 e5 16. Ne2 Rfd8 17. Nc1 h6 18. Nd3 Nc5 19. Re3 Nxd3 20. Rxd3 Bc5 21. Rxd8+ Rxd8 22. Rd1 Rxd1+ 23. Qxd1 Bxa3 24. Ba1 Bc5 25. Qd2 b6 26. Bc3 Qd6 27. Qxd6 Bxd6 28. c5 Bxc5 29. Bxe5 Nd7 30. Bb2 Bb4 31. e5 Nc5 32. Bxc6 Nxb3 33. Bd5 Nc5 34. Bd4 Kf8 35. Kf1 Ke7 36. Bxc5+ Bxc5 37. f4 h5 38. h3 b5 39. Ke2 g6 40. g4 hxg4 41. hxg4 a4 42. Kd3 Bf2 43. Bc6 a3 44. Kc2 b4 45. Bd5 Bc5 46. f5 gxf5 47. gxf5 Bd4 48. e6 f6 49. Kb3 Kd6 50. e7 Kxe7 51. Ka2 1/2-1/2

[Event "Kastav (7eme open)"]
[Site "?"]
[Date "2004.12.01"]
[Round "9.1"]
[White "Pahor Andrea"]
[Black "Paljusaj Edmond"]
[Result "0-1"]
[WhiteElo "2063"]
[BlackElo "2216"]
[PlyCount "62"]
[EventDate "2004.??.??"]
[Source "www.chesslib.no"]
[SourceDate "2004.05.04"]

1. c4 c6 2. Nf3 d5 3. b3 Nf6 4. Bb2 Bf5 5. g3 Nbd7 6. Bg2 e6 7. O-O h6 8. d3 Bc5 9. Nbd2 O-O 10. a3 a5 11. d4 Bd6 12. c5 Bc7 13. b4 a4 14. e3 Re8 15. Nh4 Bd3 16. Re1 e5 17. dxe5 Bxe5 18. Bxe5 Nxe5 19. Ndf3 Be4 20. Nxe5 Rxe5 21. Nf3 Re7 22. Nd4 Qd7 23. h3 Nh7 24. h4 Nf6 25. Ra2 Bxg2 26. Kxg2 Ng4 27. Qc2 Re4 28. Qd3 Ne5 29. Qd1 Nc4 30. Qf3 Rae8 31. Kh2 Rxd4 0-1

[Event "FRA-chT 0102 U18"]
[Site "?"]
[Date "2002.??.??"]
[Round "6.2"]
[White "Glicenstein Asher"]
[Black "Hartweg Nicolas"]
[Result "1/2-1/2"]
[WhiteElo "2196"]
[BlackElo "2082"]
[PlyCount "64"]
[EventDate "2002.??.??"]
[Source "www.chesslib.no"]
[SourceDate "2004.05.04"]

1. c4 c6 2. Nf3 d5 3. b3 Nf6 4. Bb2 e6 5. g3 Nbd7 6. Bg2 Bd6 7. d4 O-O 8. O-O Ne4 9. Nbd2 f5 10. Qc2 Ndf6 11. Ne5 Bd7 12. f3 Nxd2 13. Qxd2 Rc8 14. c5 Bc7 15. Rae1 Be8 16. Qc2 Nd7 17. e4 Nxe5 18. dxe5 b6 19. exf5 exf5 20. b4 Qe7 21. f4 Bd7 22. e6 Bxe6 23. Qc3 Rf7 24. Re2 Qd7 25. Rfe1 Re8 26. Bf3 Ree7 27. Bh5 Rf6 28. Qa3 Rh6 29. Qxa7 bxc5 30. Bf3 cxb4 31. Bd4 Kf7 32. Kg2 Bd6 1/2-1/2

[Event "Alameda de Osuna op 6th"]
[Site "?"]
[Date "2000.??.??"]
[Round "3"]
[White "Blasco Frasquet Raul"]
[Black "Bermejo Arruego Luis"]
[Result "1/2-1/2"]
[WhiteElo "2025"]
[BlackElo "2235"]
[PlyCount "67"]
[EventDate "2000.??.??"]
[Source "www.chesslib.no"]
[SourceDate "2004.05.04"]

1. c4 c6 2. Nf3 d5 3. b3 Nf6 4. Bb2 Bf5 5. g3 e6 6. Bg2 Nbd7 7. O-O h6 8. d3 Bc5 9. Nbd2 O-O 10. Qc2 Re8 11. Bc3 Qe7 12. b4 Bxb4 13. Bxb4 Qxb4 14. Rab1 Qd6 15. Rxb7 c5 16. Qa4 Nb6 17. Qa5 Nfd7 18. Rxa7 Rxa7 19. Qxa7 Ra8 20. Qb7 Rxa2 21. Re1 g5 22. h3 Bg6 23. cxd5 exd5 24. Nb1 Qf6 25. Qc7 c4 26. dxc4 dxc4 27. Nfd2 c3 28. Ne4 Bxe4 29. Bxe4 Ra1 30. Rc1 Qe6 31. Qxc3 Ra4 32. Bg2 Rc4 33. Qd2 Rxc1+ 34. Qxc1 1/2-1/2

[Event "Swidnica op-B"]
[Site "?"]
[Date "1999.??.??"]
[Round "3"]
[White "Zgadzaj Rafal"]
[Black "Jaworski Maciej"]
[Result "0-1"]
[WhiteElo "2078"]
[BlackElo "2164"]
[PlyCount "104"]
[EventDate "1999.??.??"]
[Source "www.chesslib.no"]
[SourceDate "2004.05.04"]

1. c4 c6 2. Nf3 d5 3. b3 Nf6 4. Bb2 Bf5 5. d3 e6 6. g3 h6 7. Bg2 Be7 8. O-O O-O 9. Nbd2 Nbd7 10. Re1 Bh7 11. Qc2 b5 12. e4 Qb6 13. Rac1 Bc5 14. Re2 Rfc8 15. d4 Bf8 16. Ne5 bxc4 17. bxc4 Qa6 18. Qc3 Nb6 19. Nd3 Na4 20. Qc2 Nxb2 21. Nxb2 Qxa2 22. Na4 Qxc2 23. Rxc2 Rcb8 24. f3 Rb4 25. Nb2 a5 26. Kf2 a4 27. Nd3 Rbb8 28. c5 a3 29. Ra2 Ra4 30. Ne5 Rc8 31. Ke3 Rc7 32. Nb1 Rb7 33. Nc3 Ra6 34. Re1 Nd7 35. Nxd7 Rxd7 36. Rea1 e5 37. exd5 exd4+ 38. Kxd4 Ra5 39. d6 Rda7 40. Kc4 g5 41. f4 R5a6 42. fxg5 Bf5 43. Rf2 Be6+ 44. Kd3 h5 45. Na2 Rb7 46. Rc1 Bg7 47. Nc3 Rb3 48. Rfc2 a2 49. Ra1 Raa3 50. Bxc6 Rxc3+ 51. Rxc3 Rxc3+ 52. Kd2 Rxc5 0-1

[Event "Herceg Novi"]
[Site "?"]
[Date "2006.09.16"]
[Round "6.11"]
[White "Khachykian Shant"]
[Black "Papp Abel"]
[Result "1-0"]
[WhiteElo "2076"]
[BlackElo "2165"]
[PlyCount "93"]
[EventDate "2006.??.??"]
[Source "www.chesslib.no"]
[SourceDate "2004.05.04"]

1. c4 c6 2. Nf3 d5 3. b3 Nf6 4. Bb2 Bf5 5. g3 e6 6. Bg2 Nbd7 7. d3 Be7 8. Nbd2 h6 9. O-O O-O 10. Re1 Bh7 11. Rc1 Re8 12. Qc2 Bf8 13. e4 dxe4 14. Nxe4 Nxe4 15. dxe4 Qc7 16. Bc3 e5 17. b4 b6 18. Nh4 a5 19. a3 Be7 20. Nf5 Bg5 21. Rcd1 Bxf5 22. exf5 Rad8 23. bxa5 bxa5 24. Qa4 Nb6 25. Bxa5 Nxa4 26. Bxc7 Rxd1 27. Rxd1 Nb2 28. Bxc6 Re7 29. Rd8+ Kh7 30. Rd7 Rxd7 31. Bxd7 Nxc4 32. a4 e4 33. Bb5 Na3 34. Bd6 Nxb5 35. axb5 Bd8 36. Bc5 Bc7 37. b6 Bb8 38. Kf1 g6 39. f6 g5 40. Ke2 Kg6 41. Bd4 Kf5 42. Ke3 h5 43. h3 Bd6 44. b7 Bb8 45. g4+ hxg4 46. hxg4+ Ke6 47. Kxe4 1-0

[Event "Vancouver"]
[Site "?"]
[Date "1998.12.28"]
[Round "2"]
[White "Reddy Tyler"]
[Black "Voloaca Mihnea"]
[Result "1/2-1/2"]
[WhiteElo "2094"]
[BlackElo "2137"]
[PlyCount "115"]
[EventDate "1998.??.??"]
[Source "www.chesslib.no"]
[SourceDate "2004.05.04"]

1. c4 c6 2. Nf3 d5 3. b3 Nf6 4. Bb2 Bf5 5. g3 e6 6. Bg2 Bd6 7. O-O O-O 8. d3 Qe7 9. Nbd2 e5 10. cxd5 cxd5 11. Re1 Nc6 12. e4 dxe4 13. dxe4 Be6 14. Qe2 Rac8 15. Rec1 Ba3 16. Bxa3 Qxa3 17. Nc4 Bxc4 18. Rxc4 Rcd8 19. Rac1 Qa6 20. Qc2 Rfe8 21. b4 Qb6 22. a4 Nd7 23. Qb1 Nd4 24. Nxd4 exd4 25. Rd1 Ne5 26. Rc5 Nc6 27. Rb5 Qc7 28. Rd5 Qb6 29. b5 Ne7 30. a5 Qxa5 31. R5xd4 Rxd4 32. Rxd4 Rd8 33. Qd1 Rxd4 34. Qxd4 Ng6 35. Qd5 a6 36. bxa6 Qxd5 37. exd5 bxa6 38. Bf1 Kf8 39. Bxa6 Ke7 40. Bd3 Kd6 41. Be4 h6 42. Bxg6 fxg6 43. Kg2 Kxd5 44. Kf3 Ke5 45. Kg4 g5 46. Kh5 Kf5 47. h3 Kf6 48. Kg4 Kg6 49. Kf3 Kf5 50. Ke3 Ke5 51. g4 Kd5 52. f4 gxf4+ 53. Kxf4 Ke6 54. h4 g6 55. Ke4 h5 56. g5 Kd6 57. Kd4 Ke6 58. Ke4 1/2-1/2

[Event "Istanbul"]
[Site "?"]
[Date "2002.11.23"]
[Round "4"]
[White "Blasco Frasquet Raul"]
[Black "Wolak Tomasz"]
[Result "1/2-1/2"]
[WhiteElo "2070"]
[BlackElo "2120"]
[PlyCount "60"]
[EventDate "2002.??.??"]
[Source "www.chesslib.no"]
[SourceDate "2004.05.04"]

1. c4 c6 2. Nf3 d5 3. b3 Nf6 4. Bb2 Bf5 5. g3 e6 6. Bg2 Be7 7. O-O O-O 8. d3 h6 9. Nbd2 Nbd7 10. Rc1 Re8 11. Rc2 Bh7 12. Qa1 Bd6 13. Ne5 Nxe5 14. Bxe5 Bxe5 15. Qxe5 Rc8 16. b4 Qb6 17. Qb2 a6 18. a4 Kh8 19. Rfc1 Ng4 20. c5 Qc7 21. b5 axb5 22. axb5 Ra8 23. bxc6 bxc6 24. Qb6 Qd7 25. Rb2 Qe7 26. h3 Ne5 27. d4 Nd7 28. Qxc6 Rec8 29. Qb7 Rcb8 30. Qc6 Rc8 1/2-1/2

[Event "NTG"]
[Site "?"]
[Date "1999.??.??"]
[Round "5"]
[White "Gunnarsson Arnar E. (ISL)"]
[Black "Vainio Ville"]
[Result "1/2-1/2"]
[WhiteElo "2180"]
[BlackElo "1937"]
[PlyCount "136"]
[EventDate "1999.??.??"]
[Source "www.chesslib.no"]
[SourceDate "2004.05.04"]

1. c4 c6 2. Nf3 d5 3. b3 Nf6 4. Bb2 Bg4 5. e3 Nbd7 6. Be2 e6 7. O-O Bd6 8. h3 Bh5 9. Nc3 O-O 10. Nd4 Bg6 11. cxd5 e5 12. Nf3 cxd5 13. Nb5 Bb8 14. Ba3 Re8 15. Rc1 Re6 16. d4 a6 17. Nd6 Rxd6 18. dxe5 Rc6 19. exf6 Nxf6 20. Nd4 Rxc1 21. Qxc1 Qc7 22. Qxc7 Bxc7 23. Rc1 Bb6 24. Bc5 Rc8 25. b4 Nd7 26. Nb3 Nxc5 27. bxc5 Bc7 28. c6 bxc6 29. Bxa6 Ra8 30. Rxc6 Bd8 31. a4 Bf5 32. a5 Rb8 33. Nd4 Bd7 34. Rd6 Be6 35. Nxe6 fxe6 36. Rxe6 Bxa5 37. Re5 Rb1+ 38. Bf1 Rd1 39. Rxd5 Rxd5 40. Bc4 Kf7 41. Bxd5+ Kf6 42. h4 Bd2 43. Kf1 Ke5 44. Bg8 h6 45. h5 Kf5 46. Ke2 Bc3 47. Kf3 Bb2 48. Kg3 Bc1 49. Kh3 Bd2 50. Bh7+ Kg5 51. Bg6 Be1 52. f4+ Kf6 53. Kg4 Bd2 54. e4 Bc3 55. Be8 Bd4 56. Bb5 Bc3 57. e5+ Ke7 58. Kf5 Bd4 59. g4 Bc3 60. g5 hxg5 61. fxg5 Bd2 62. Bc4 Kf8 63. Bd5 Bc1 64. Kg6 Bb2 65. e6 Bc3 66. Kh7 Bd4 67. h6 gxh6 68. gxh6 Bc3 1/2-1/2

[Event "RLSW_Sonthofen1-Unterhaching1"]
[Site "?"]
[Date "2005.01.16"]
[Round "5.6"]
[White "Rubke Manfred"]
[Black "Altmann Christoph"]
[Result "1/2-1/2"]
[WhiteElo "2092"]
[BlackElo "2009"]
[PlyCount "33"]
[EventDate "2005.??.??"]
[Source "www.chesslib.no"]
[SourceDate "2004.05.04"]

1. c4 c6 2. Nf3 d5 3. b3 Nf6 4. Bb2 Bg4 5. e3 e6 6. Be2 Nbd7 7. d3 Be7 8. Nbd2 O-O 9. O-O a5 10. Nd4 Bxe2 11. Qxe2 Re8 12. e4 e5 13. Nf5 Bf8 14. cxd5 cxd5 15. a4 Qb6 16. Ne3 Qe6 17. Rfc1 1/2-1/2

[Event "Alameda de Osuna op 6th"]
[Site "?"]
[Date "2000.??.??"]
[Round "4"]
[White "Blasco Frasquet Raul"]
[Black "Tavoularis Nicholas"]
[Result "0-1"]
[WhiteElo "2025"]
[BlackElo "2040"]
[PlyCount "74"]
[EventDate "2000.??.??"]
[Source "www.chesslib.no"]
[SourceDate "2004.05.04"]

1. c4 c6 2. Nf3 d5 3. b3 Nf6 4. Bb2 Bf5 5. g3 e6 6. Bg2 Nbd7 7. d3 Bd6 8. Nbd2 O-O 9. O-O Qe7 10. Nh4 Bg6 11. Nxg6 hxg6 12. e4 dxe4 13. dxe4 e5 14. Qc2 Rfd8 15. Rad1 a5 16. Nf3 a4 17. bxa4 Nc5 18. Ne1 Rxa4 19. a3 Qe6 20. Nd3 Rxc4 21. Nxc5 Rxc5 22. Qd2 Be7 23. Qe3 Rxd1 24. Rxd1 Rb5 25. Rd2 Bc5 26. Qd3 Bb6 27. a4 Rb3 28. Qc2 Rb4 29. Ba3 Rd4 30. Bb2 Rxd2 31. Qxd2 Ng4 32. a5 Bxf2+ 33. Kh1 Bc5 34. Qd8+ Kh7 35. Bf3 Nf2+ 36. Kg1 Nd3+ 37. Kf1 Nxb2 0-1